Winona Ryder Movies Quiz Stats

 Plays Quiz Updated Dec 31, 2018

Also try: Johnny Depp Movies
Challenge
Share
Tweet
Embed
Score 0/43 Timer 07:00
0 Plays Today
Year Movie % Correct
1988Beetlejuice
79.9%
1990Edward Scissorhands
75.8%
1994Little Women
73.6%
1989Heathers
73.1%
1999Girl, Interrupted
61.8%
1992Dracula
53.2%
2002Mr. Deeds
48.7%
1990Mermaids
48.6%
1994Reality Bites
47.7%
2010Black Swan
38%
1996The Crucible
36.4%
1993The Age of Innocence
33.7%
2009Star Trek
31.8%
1986Lucas
27.8%
1997Alien: Resurrection
25.3%
1995How To Make an American Quilt
24.3%
2000Autumn in New York
22.7%
1989Great Balls of Fire!
20.3%
1990Welcome Home, Roxy Carmichael
20.1%
2011The Dilemma
18.2%
2012Frankenweenie
18.1%
2015Experimenter
17.3%
Year Movie % Correct
2006A Scanner Darkly
16.7%
1996Boys
16.2%
1993The House of the Spirits
15.1%
19881969
13.6%
1998Celebrity
13%
1991Night On Earth
12.8%
2012The Iceman
12.6%
1987Square Dance
12.5%
2002S1m0ne
11.9%
2013Homefront
11.6%
2000Lost Souls
11.2%
2007Sex and Death 101
10.6%
2007The Ten
9.6%
2006The Darwin Awards
9.4%
2012The Letter
8.9%
2009The Private Lives of Pippa Lee
8.7%
2009Stay Cool
7.2%
2008The Informers
6.7%
2008The Last Word
6.1%
2003The Day My God Died
4.4%
2018Destination Wedding
3.6%

You're not logged in!

Compare scores with friends on all Sporcle quizzes.
OR
Log In

You Might Also Like...

Show Comments

Extras

Top Quizzes Today


Score Distribution

Your Account Isn't Verified!

In order to create a playlist on Sporcle, you need to verify the email address you used during registration. Go to your Sporcle Settings to finish the process.

Report this User

Report this user for behavior that violates our Community Guidelines.

Details: